Normal view
MARC view
- Hussain Ali (00000171769)
Entry Personal Name
001 - CONTROL NUMBER
- control field: 116425
003 - CONTROL NUMBER IDENTIFIER
- control field: NUST
005 - DATE AND TIME OF LATEST TRANSACTION
- control field: 20230912165943.0
008 - FIXED-LENGTH DATA ELEMENTS
- fixed length control field: 230912|| aca||aabn | a|a d
040 ## - CATALOGING SOURCE
- Original cataloging agency: NUST
- Transcribing agency: NUST
100 ## - HEADING--PERSONAL NAME
- Personal name: Hussain Ali (00000171769)
670 ## - SOURCE DATA FOUND
- Source citation: Work cat.: (NUST): Hussain Ali (00000171769), Exploring the coherence in energy policy of Pakistan for the development of a sustainable energy infrastructure /, 2019
